00880nam a22002417a 450000500170000000800410001702000270005802000240008504000720010904100080018106000170018924500910020624600230029725000120032026000660033230000830039865000300048165000280051165000240053970000240056370000220058770000290060920240524105231.0130821s2010 xxuao gr eng  a9781413036234 (5a.Ed.) a0721697607 (4a.Ed.) aCo-BoUCMbspacDavid Moreno (modificó)dDavid Moreno (modificó)00aeng00aWB 105bC64100aClinical procedures in emergency medicineceditores James R. Roberts, Jerris R. Hedges30aEmergency medicine a5th ed. aFiladelfia (Pensilvania, Estados Unidos)bW.B. Saundersc2010 axxi, 1391 Páginasbilustraciones color, cuadros, fotografías color, tablas04aAsistencia en emergencias04aMedicina de emergencias04aUrgencias médicas1 aChanmugam, Arjun S.1 aHedges, Jerris R.1 aRoberts, James R.d1946-